000 00708nam a22001817a 4500
999 _c16150
_d16150
003 AR-CdUCM
008 190502b ||||| |||| 00| 0 esp d
040 _aMUNICIPALIDAD PROVINCIAL DEL CUSCO
_cBIBLIOTECA MUNICIPAL DEL CUSCO
082 _a868.5 /
_bP438
100 _aPérez Galdós, Benito
_91429
245 _aLa Desheredada /
_cBenito Pérez Galdós.
_bSegunda Parte
260 _aBuenos Aires :
_b Losada,
_c1944.
300 _a257 páginas ;
_c19 cm.
505 _aEntreacto en la iglesia -- Flamenca Cytherea -- La caricia del oso -- Las recetas de Miquis -- En el Modelo -- De aquellas cosas que pasan ...
650 _aNovela contemporanea
_999
942 _2ddc
_cLIBROS
945 _aacrt
_d2019-05-02